ბათუმის შოთა რუსთაველის სახელმწიფო უნივერსიტეტის ბიბლიოთეკა

Строительная механика. (ბიბ.ჩანაწერი № 40742)

000 -LEADER
fixed length control field 00657nam a2200229Ia 4500
001 - CONTROL NUMBER
control field 7381
003 - CONTROL NUMBER IDENTIFIER
control field GE_BSU
008 - FIXED-LENGTH DATA ELEMENTS--GENERAL INFORMATION
fixed length control field 181216s||||||||xx |||||||||||||| ||und||
040 ## - CATALOGING SOURCE
Transcribing agency GE_BSU
080 ## - UNIVERSAL DECIMAL CLASSIFICATION NUMBER
Universal Decimal Classification number 624.04(075.8)
100 ## - MAIN ENTRY--PERSONAL NAME
Personal name Дарков,А.В. Шапошников,Н.Н.
245 ## - TITLE STATEMENT
Title Строительная механика.
245 ## - TITLE STATEMENT
Remainder of title Учеб.
245 ## - TITLE STATEMENT
Statement of responsibility, etc. Ред. М.А.Алексеева.
250 ## - EDITION STATEMENT
Edition statement Изд 8-ое, перераб. и доп.
260 ## - PUBLICATION, DISTRIBUTION, ETC.
Place of publication, distribution, etc. М.
260 ## - PUBLICATION, DISTRIBUTION, ETC.
Name of publisher, distributor, etc. Высш.школа.
260 ## - PUBLICATION, DISTRIBUTION, ETC.
Date of publication, distribution, etc. 1986.
300 ## - PHYSICAL DESCRIPTION
Extent 607стр. 23см. с илл.
653 ## - INDEX TERM--UNCONTROLLED
Uncontrolled term Строительная механика.
942 ## - ADDED ENTRY ELEMENTS (KOHA)
Koha item type წიგნი
ეგზემპლარები
Withdrawn status Lost status Damaged status Not for loan Date acquired Barcode Date last seen Price effective from Koha item type
        2018-12-17 9971 2018-12-17 2018-12-17 წიგნი